| 000 | 00000nam##2200000za#4500 |
| 001 | 9.573031 |
| 003 | CaOODSP |
| 005 | 20210624183516 |
| 007 | cr ||||||||||| |
| 008 | 150406|1996||||xxc|||||o f|0| 0 eng|d |
| 040 | |aCaOODSP|beng |
| 043 | |an-cn--- |
| 086 | 1 |aNE12-3/10-1995E-PDF |
| 110 | 1 |aCanada. |bNational Energy Board. |
| 245 | 10|aPipeline tolls and tariffs : |h[electronic resource]|ba compendium of terms |
| 260 | |aCalgary - Alberta : |bNational Energy Board |cJanuary 1995, c1996. |
| 300 | |a8p.|bglossary |
| 490 | 1 |aInformation bulletin|v10 |
| 500 | |aThe catalogue number (NE 12-3/10E) and ISSN (0825-0170) for the print edition have been incorrectly copied in this electronic publication. |
| 590 | |a12-11-Supp|b2012-03-27 |
| 776 | 0#|tPipeline tolls and tariffs: a compendium of terms |w(CaOODSP)9.612109 |
| 830 | #0|aInformation bulletin ;|v10|w(CaOODSP)9.506777 |
| 856 | 40|ahttp://publications.gc.ca|qPDF|s97 KB|uhttps://publications.gc.ca/collections/Collection/NE12-3-10-1995E.pdf|y10 |